Soil conservation, official organ of the Soil Conservation Service, June 1940.

Bibliographic Details
Corporate Author: United States. Soil Conservation Service
Format: Government Document eBook
Language:English
Published: [Washington] : [s.n.], 1940.
Subjects:
Online Access:Electronic resource (PDF)

MARC

Tag First Indicator Second Indicator Subfields
LEADER 00000cam a22000001i 4500
001 in00003981521
006 m d f
007 cr bn mmmapmmp
008 400727s1940 dcu o f000 0 eng d
005 20250211001552.1
035 |a ebd19401273786 
040 |a UMI  |c UMI  |e rda  |d UtOrBLW 
086 0 |a A 57.9:5/12 
099 |a A57.9..5_12 
110 1 |a United States.  |b Soil Conservation Service.  |0 http://id.loc.gov/authorities/names/n78085479 
245 1 0 |a Soil conservation, official organ of the Soil Conservation Service, June 1940. 
264 1 |a [Washington] :  |b [s.n.],  |c 1940. 
300 |a 1 online resource (28 pages), digital, PDF file 
336 |a text  |b txt  |2 rdacontent 
337 |a computer  |b c  |2 rdamedia 
338 |a online resource  |b cr  |2 rdacarrier 
500 |a Contains the following articles: 
533 |a Electronic reproduction.  |b [Bethesda, Md.] :  |c ProQuest,  |d 2017  |e digital, PDF file.  |n ProQuest U.S. Executive Branch Documents  |n Mode of access: World Wide Web via ProQuest website. 
588 |a Record is based on online resource; title from PDF title page (ProQuest, last viewed Feb. 2017). Reuse except for individual research requires license from ProQuest, LLC. 
650 0 |a Farms.  |0 http://id.loc.gov/authorities/subjects/sh85047299 
650 0 |a Credit.  |0 http://id.loc.gov/authorities/names/no96010036 
650 0 |a Fruit.  |0 http://id.loc.gov/authorities/subjects/sh85052105 
651 0 |a Great Plains.  |0 http://id.loc.gov/authorities/subjects/sh85056998 
856 4 0 |u http://proxy.library.tamu.edu/login?url=http://congressional.proquest.com/congressional/docview/t66.d71.a57.9..5_12?  |y Electronic resource (PDF)  |t 0 
999 f f |s 860e1fa5-0285-3931-bee0-08004bc9d6d1  |i 2e2d9017-21e0-38c0-aa40-3c2b5e22166d  |t 0 
952 f f |a Texas A&M University  |b College Station  |c Electronic Resources  |d Available Online  |t 0  |h No information provided 
998 f f |t 0  |l Available Online